Statistics for Home Countries of Kpop Idols

Click here to take the quiz!

General Stats

  • This quiz has been taken 2,730 times
  • The average score is 18 of 23

Answer Stats

BandIdolHome Country% Correct
Got7JacksonHong Kong
96%
EXOTaoChina
94%
TwiceMinaJapan
94%
TwiceMomoJapan
90%
TwiceSanaJapan
86%
Got7Bam BamThailand
86%
EXOLayChina
85%
EXOLuhanChina
84%
Super JuniorZhou MiChina
84%
TwiceTzuyuTaiwan
84%
Got7MarkUnited States
83%
Girl's GenerationTiffanyUnited States
83%
Girl's GenerationJessicaUnited States
79%
F(x)KrystalUnited States
78%
F(x)AmberUnited States
78%
Miss AFeiChina
77%
Super JuniorHan GengChina
77%
--Jay ParkUnited States
77%
--AileeUnited States
74%
Miss AJiaChina
72%
F(x)VictoriaChina
67%
Super JuniorHenryCanada
57%
EXOKrisCanada
54%

Score Distribution

Percentile by Number Answered

Percent of People with Each Score

Your Score History

You have not taken this quiz